Countries with Famous Trails - Statistics

General Stats
  • This quiz has been taken 1,345 times
  • The average score is 15 of 20
Answer Stats
Hint Answer % Correct
Great Himalaya Trail Nepal
98%
Inca Trail Peru
97%
Zion Narrows United States of America
93%
Mount Kilimanjaro Tanzania
92%
Pembrokeshire Coast Path United Kingdom
92%
Yoshida Trail Japan
91%
Tiger Leaping Gorge China
89%
Long Range Traverse Canada
85%
Petra Kingdom Jordan
80%
Bibbulmun Track Australia
77%
GR20 France
77%
Torres del Paine Circuit Chile
76%
Kungsleden Sweden
76%
Fitz Roy Trek Argentina
75%
Milford Track New Zealand
71%
Sentiero Azurro Italy
68%
North Drakensberg Traverse South Africa and Lesotho
63%
Laugavegurinn Pass Iceland
59%
The Snowman Trek Bhutan
36%
Pays Dogon Mali
13%
No matching quizzes found
Score Distribution
Percent of People with Each Score
Percentile by Number Answered
Your Score History
You have not taken this quiz